[Event "Sao Carlos Paulista-ch op"]
[Site "Sao Carlos"]
[Date "2023.09.07"]
[Round "1"]
[White "Da Silva, Lindolfo Luiz"]
[Black "Reis, Arnaldo Ulisses"]
[Result "1-0"]
[WhiteElo "2207"]
[BlackElo "1581"]
[PlyCount "59"]
[EventDate "2023.09.07"]
[EventType "swiss"]
[EventRounds "7"]
[EventCountry "BRA"]
[SourceTitle "EXT 2024"]
[Source "ChessBase"]
[SourceDate "2023.10.10"]
[SourceVersion "1"]
[SourceVersionDate "2023.10.10"]
[SourceQuality "1"]

1. d4 d5 2. g3 e6 3. Bg2 c5 4. Nf3 Nc6 5. 0-0 Nf6 6. c4 dxc4 7. dxc5 Qxd1 8. Rxd1 Bxc5 9. Nbd2 0-0 10. Nxc4 h6 11. Nfe5 Nd4 12. Be3 Rd8 13. Bxd4 Rxd4 14. Rxd4 Bxd4 15. Rd1 Bxe5 16. Nxe5 Kf8 17. Rd8+ Ke7 18. Rh8 Ne8 19. f4 Bd7 20. Bxb7 Rb8 21. Bc6 Rxb2 22. Bxd7 Nd6 23. Bc6 Rxa2 24. Bf3 a5 25. Ra8 Nb5 26. Rxa5 Rb2 27. Kf2 f5 28. Ra6 Nd4 29. Ra7+ Kf8 30. Bh5 1-0

[Event "Titled Tuesday intern op 06th Jun Early"]
[Site "Chess.com INT"]
[Date "2023.06.06"]
[Round "1"]
[White "Da Silva, Lindolfo Luiz"]
[Black "Gubajdullin, Alexey"]
[Result "1-0"]
[WhiteElo "2207"]
[BlackElo "2266"]
[PlyCount "121"]
[EventDate "2023.06.06"]
[EventType "swiss (blitz)"]
[EventRounds "11"]
[EventCountry "USA"]
[SourceTitle "EXT 2024"]
[Source "ChessBase"]
[SourceDate "2023.10.10"]
[SourceVersion "1"]
[SourceVersionDate "2023.10.10"]
[SourceQuality "1"]

1. d4 g6 2. g3 Bg7 3. Bg2 Nf6 4. Nf3 0-0 5. 0-0 d6 6. c4 Nc6 7. Nc3 a6 8. b3 Rb8 9. Nd5 e6 10. Nxf6+ Bxf6 11. Bh6 Re8 12. Rc1 d5 13. Qd2 dxc4 14. Rxc4 Bd7 15. Rfc1 Rc8 16. Bg5 Bxg5 17. Qxg5 Qxg5 18. Nxg5 Red8 19. e3 Be8 20. Ne4 Kg7 21. Nc5 b5 22. R4c3 Nb4 23. Ra1 a5 24. a3 Nd5 25. Rc2 b4 26. Nb7 Rd7 27. Nxa5 bxa3 28. Bxd5 Rxd5 29. Rxa3 Rb5 30. Rc5 Rcb8 31. Rxc7 Ra8 32. Rc5 Rb6 33. Kf1 Bb5+ 34. Ke1 Bd3 35. Kd2 Be4 36. Ke2 h5 37. f3 Bf5 38. e4 Bh3 39. Rc3 Rb4 40. Ke3 Rb6 41. Nc4 Rxa3 42. Nxa3 Ra6 43. b4 Rb6 44. b5 g5 45. Rc6 Rb8 46. b6 Bf1 47. d5 exd5 48. exd5 h4 49. gxh4 gxh4 50. Kd4 h3 51. d6 Ba6 52. Nc4 Kf8 53. Ne5 Ke8 54. Kc5 Rd8 55. Rc7 f6 56. Re7+ Kf8 57. Nd7+ Kg8 58. Nxf6+ Kf8 59. b7 Bxb7 60. Rxb7 Rxd6 61. Nh7+ 1-0

[Event "Titled Tuesday intern op 06th Jun Early"]
[Site "Chess.com INT"]
[Date "2023.06.06"]
[Round "6"]
[White "Wadsworth, Matthew J"]
[Black "Da Silva, Lindolfo Luiz"]
[Result "1-0"]
[WhiteElo "2431"]
[BlackElo "2207"]
[PlyCount "67"]
[EventDate "2023.06.06"]
[EventType "swiss (blitz)"]
[EventRounds "11"]
[EventCountry "USA"]
[SourceTitle "EXT 2024"]
[Source "ChessBase"]
[SourceDate "2023.10.10"]
[SourceVersion "1"]
[SourceVersionDate "2023.10.10"]
[SourceQuality "1"]

1. c4 Nf6 2. g3 g6 3. Bg2 Bg7 4. Nc3 d6 5. Nf3 0-0 6. 0-0 e5 7. d3 Nc6 8. Rb1 a5 9. a3 Re8 10. Bg5 h6 11. Bxf6 Bxf6 12. b4 axb4 13. axb4 Bg7 14. b5 Nd4 15. Nxd4 exd4 16. Nd5 Ra2 17. Bf3 g5 18. Ra1 Rxa1 19. Qxa1 g4 20. Be4 f5 21. Bg2 Rxe2 22. Qa8 Re8 23. Qb8 c6 24. Nc7 Re7 25. Na8 d5 26. cxd5 Be5 27. Qa7 cxd5 28. Nb6 Be6 29. Re1 Bb8 30. Qa8 Qxb6 31. Qxb8+ Kh7 32. Bxd5 Kg6 33. Qe5 Kf7 34. Qxf5+ 1-0

[Event "Titled Tuesday intern op 28th Mar Early"]
[Site "Chess.com INT"]
[Date "2023.03.28"]
[Round "3"]
[White "Da Silva, Lindolfo Luiz"]
[Black "De Souza, Cristiano Gomes"]
[Result "1-0"]
[WhiteElo "2207"]
[BlackElo "2018"]
[PlyCount "99"]
[EventDate "2023.03.28"]
[EventType "swiss (blitz)"]
[EventRounds "11"]
[EventCountry "USA"]
[SourceTitle "EXT 2024"]
[Source "ChessBase"]
[SourceDate "2023.10.10"]
[SourceVersion "1"]
[SourceVersionDate "2023.10.10"]
[SourceQuality "1"]

1. d4 Nf6 2. g3 g6 3. Bg2 Bg7 4. c4 0-0 5. Nc3 d6 6. Nf3 Nc6 7. 0-0 Bf5 8. d5 Na5 9. Nd4 Bd7 10. Qd3 c5 11. Nc2 a6 12. b3 Rc8 13. Bb2 Ng4 14. f4 b5 15. h3 bxc4 16. bxc4 Nh6 17. e4 Rb8 18. Rab1 Qc8 19. Kh2 Nb7 20. Ne3 Nd8 21. g4 f6 22. Ba1 Rxb1 23. Rxb1 Bxg4 24. hxg4 Nxg4+ 25. Nxg4 Qxg4 26. Qf3 Qh4+ 27. Bh3 Bh6 28. Ne2 Nf7 29. Rb7 Re8 30. Qg3 Qh5 31. Qg4 Qxg4 32. Bxg4 Kf8 33. Kg3 Bg7 34. Bd7 Rd8 35. Be6 h5 36. Ng1 Bh6 37. Nf3 g5 38. Bxf7 gxf4+ 39. Kh4 Kxf7 40. Kxh5 Bg7 41. Nh4 Rh8+ 42. Kg4 Bf8 43. Nf5 Rh1 44. Bb2 Rh2 45. Nxd6+ Kg6 46. Nf5 Kf7 47. Kxf4 Rf2+ 48. Kg4 Rc2 49. d6 Re2 50. Kf3 1-0

[Event "Araraquara op"]
[Site "Araraquara"]
[Date "2023.02.19"]
[Round "2.10"]
[White "Da Silva, Lindolfo Luiz"]
[Black "Hirota da Silva, Nilton Jose"]
[Result "1-0"]
[WhiteElo "2212"]
[BlackElo "1836"]
[PlyCount "93"]
[EventDate "2023.02.19"]
[EventType "swiss"]
[EventRounds "6"]
[EventCountry "BRA"]
[SourceTitle "CBM 213 Extra"]
[Source "ChessBase"]
[SourceDate "2023.05.31"]
[SourceVersion "1"]
[SourceVersionDate "2023.05.31"]
[SourceQuality "1"]

1. d4 c6 2. g3 d6 3. Bg2 e5 4. c4 Be7 5. Nc3 h5 6. Nf3 Nd7 7. h3 Qc7 8. Qc2 Bf6 9. Ne4 Ne7 10. 0-0 Ng6 11. c5 d5 12. Nd6+ Kf8 13. Be3 e4 14. Ng5 Bxg5 15. Bxg5 Nf6 16. f3 e3 17. Bxe3 Ne8 18. Nxe8 Kxe8 19. Bf2 Be6 20. h4 Rh6 21. e4 Rd8 22. Rae1 Kf8 23. b4 Qd7 24. Be3 Rh8 25. Rd1 Re8 26. a3 Kg8 27. Qc1 Kh7 28. Bf4 Bh3 29. e5 Bf5 30. Rfe1 Rhf8 31. Bf1 f6 32. exf6 Rxf6 33. Rxe8 Qxe8 34. Re1 Qd7 35. Bd6 Qd8 36. Qg5 Kg8 37. Qxh5 Qd7 38. Qg5 Rxd6 39. cxd6 Qxd6 40. h5 Nf8 41. Re5 Bd7 42. Kf2 b6 43. Bd3 a5 44. h6 g6 45. Qe7 Qxe7 46. Rxe7 axb4 47. axb4 1-0

[Event "Sao Paulo U2300 op 7th"]
[Site "Sao Paulo"]
[Date "2018.03.31"]
[Round "4"]
[White "Da Silva, Lindolfo Luiz"]
[Black "Hoshino, Karen M"]
[Result "1-0"]
[WhiteElo "2199"]
[BlackElo "1914"]
[PlyCount "139"]
[EventDate "2018.03.30"]
[EventType "swiss"]
[EventRounds "6"]
[EventCountry "BRA"]
[SourceTitle "CBM 183 Extra"]
[Source "ChessBase"]
[SourceDate "2018.04.19"]
[SourceVersion "1"]
[SourceVersionDate "2018.04.19"]
[SourceQuality "1"]

1. d4 Nf6 2. c4 e6 3. Nf3 b6 4. g3 Bb7 5. Bg2 Be7 6. 0-0 0-0 7. Nc3 Ne4 8. Qc2 Nxc3 9. Qxc3 d6 10. Qc2 Nd7 11. Ng5 Bxg5 12. Bxb7 Rb8 13. Bc6 Bxc1 14. Raxc1 e5 15. Qf5 Nf6 16. dxe5 dxe5 17. Qxe5 Nd7 18. Qc3 Nc5 19. b4 Ne6 20. Rcd1 Qg5 21. f4 Qh6 22. Bf3 Rfd8 23. Rd5 c5 24. a3 Nd4 25. Qd3 Rxd5 26. Bxd5 Qf6 27. e3 Nf5 28. Rd1 Ne7 29. Be4 Ng6 30. Qd6 Re8 31. Bxg6 hxg6 32. Qxf6 gxf6 33. Kf2 Re4 34. Rc1 Kf8 35. g4 Re7 36. Ke2 g5 37. Rf1 cxb4 38. axb4 Kg7 39. c5 bxc5 40. bxc5 Rc7 41. Rc1 f5 42. gxf5 gxf4 43. e4 Kf6 44. Kf3 Ke5 45. c6 a5 46. Rc5+ Kd6 47. Rxa5 Rxc6 48. Kxf4 f6 49. e5+ fxe5+ 50. Rxe5 Rc2 51. Re6+ Kd7 52. h4 Rg2 53. h5 Rg1 54. h6 Rg2 55. Re1 Rf2+ 56. Kg5 Rg2+ 57. Kf6 Rh2 58. Kg7 Rg2+ 59. Kf7 Rh2 60. Rd1+ Kc7 61. f6 Rxh6 62. Kg7 Rh2 63. f7 Rg2+ 64. Kf8 Re2 65. Rd4 Rg2 66. Ke7 Re2+ 67. Kf6 Rf2+ 68. Ke6 Re2+ 69. Kf5 Rf2+ 70. Rf4 1-0

[Event "Sao Paulo U2300 op 7th"]
[Site "Sao Paulo"]
[Date "2018.03.30"]
[Round "2"]
[White "Da Silva, Lindolfo Luiz"]
[Black "Alboredo, Julia"]
[Result "0-1"]
[WhiteElo "2199"]
[BlackElo "2118"]
[PlyCount "64"]
[EventDate "2018.03.30"]
[EventType "swiss"]
[EventRounds "6"]
[EventCountry "BRA"]
[SourceTitle "CBM 183 Extra"]
[Source "ChessBase"]
[SourceDate "2018.04.19"]
[SourceVersion "1"]
[SourceVersionDate "2018.04.19"]
[SourceQuality "1"]

1. d4 Nf6 2. c4 g6 3. Nc3 Bg7 4. e4 d6 5. g3 0-0 6. Bg2 Nc6 7. Nge2 Bg4 8. Be3 Re8 9. f3 Bd7 10. 0-0 a6 11. Rc1 Rb8 12. Qd2 b5 13. Nd5 e6 14. Nxf6+ Bxf6 15. f4 bxc4 16. Rxc4 d5 17. exd5 exd5 18. Bxd5 Ne7 19. Bf3 Nf5 20. Bf2 Bb5 21. Rc3 Bxe2 22. Bxe2 Nxd4 23. Be3 Nxe2+ 24. Qxe2 Bxc3 25. bxc3 Qe7 26. Re1 Rb6 27. Qf3 Re6 28. Kf2 Qa3 29. f5 Re5 30. fxg6 hxg6 31. g4 Qxc3 32. h4 Qxe1+ 0-1

[Event "Nova Odessa op"]
[Site "Nova Odessa"]
[Date "2014.06.01"]
[Round "5"]
[White "Pires, Marcos Vinicius Tor"]
[Black "Da Silva, Lindolfo Luiz"]
[Result "1-0"]
[WhiteElo "2234"]
[BlackElo "2193"]
[PlyCount "121"]
[EventDate "2014.05.30"]
[EventType "swiss"]
[EventRounds "6"]
[EventCountry "BRA"]
[SourceTitle "CBM 160 Extra"]
[Source "ChessBase"]
[SourceDate "2014.07.01"]
[SourceVersion "1"]
[SourceVersionDate "2014.07.01"]
[SourceQuality "1"]

1. Nf3 g6 2. c4 Bg7 3. e4 d6 4. Nc3 e5 5. d4 exd4 6. Nxd4 Nc6 7. Be3 Nf6 8. Be2 0-0 9. 0-0 Re8 10. f3 Nh5 11. f4 Nf6 12. Bf3 Bd7 13. Nc2 a5 14. Re1 Nb4 15. Nd4 Qc8 16. h3 Na6 17. Bf2 h6 18. Qd2 Nc5 19. Rad1 Ne6 20. Nc2 Bc6 21. Nd5 Nd7 22. b3 b6 23. Bh4 Bxd5 24. cxd5 Nef8 25. Nd4 Nc5 26. Bf2 Nh7 27. Kh2 Qd7 28. Nc6 f6 29. Qc2 Nf8 30. a3 Kh7 31. b4 axb4 32. axb4 Nb7 33. Bd4 Nd8 34. Rc1 Nxc6 35. Qxc6 Qxc6 36. Rxc6 Re7 37. Rec1 Ra7 38. h4 Kg8 39. Kg3 Kf7 40. Kf2 Ke8 41. h5 g5 42. fxg5 fxg5 43. Bxg7 Rxg7 44. e5 g4 45. exd6 cxd6 46. Be4 g3+ 47. Ke3 Ra3+ 48. Kd4 Rg5 49. Rc8+ Ke7 50. R1c7+ Nd7 51. Rh8 Rg7 52. Bf5 Kf6 53. Rxd7 Rxd7 54. Bxd7 Kg5 55. Rb8 Ra2 56. Rg8+ Kxh5 57. Rxg3 Rd2+ 58. Kc4 Kh4 59. Rg4+ Kh5 60. Rg8 Kh4 61. g3+ 1-0

[Event "Nova Odessa op"]
[Site "Nova Odessa"]
[Date "2014.05.31"]
[Round "3"]
[White "Calixto, Roberto Carlos"]
[Black "Da Silva, Lindolfo Luiz"]
[Result "0-1"]
[WhiteElo "1835"]
[BlackElo "2193"]
[PlyCount "88"]
[EventDate "2014.05.30"]
[EventType "swiss"]
[EventRounds "6"]
[EventCountry "BRA"]
[SourceTitle "CBM 160 Extra"]
[Source "ChessBase"]
[SourceDate "2014.07.01"]
[SourceVersion "1"]
[SourceVersionDate "2014.07.01"]
[SourceQuality "1"]

1. e4 c5 2. Nf3 Nc6 3. d4 cxd4 4. Nxd4 Nf6 5. Nc3 e5 6. Ndb5 d6 7. Bg5 a6 8. Na3 b5 9. Nd5 Be7 10. Bxf6 Bxf6 11. c4 b4 12. Nc2 Rb8 13. b3 0-0 14. Be2 Bg5 15. 0-0 Be6 16. f4 exf4 17. Nxf4 Bf6 18. Rb1 Qb6+ 19. Kh1 Rbd8 20. Nxe6 fxe6 21. Bg4 Rfe8 22. Bh5 Re7 23. Qg4 Ne5 24. Qg3 Nd7 25. Rbd1 Qa5 26. Bg4 Be5 27. Qh3 Nc5 28. Nd4 Bxd4 29. Rxd4 Qc7 30. Bf3 e5 31. Rd5 Ne6 32. Rd2 Rf8 33. Rfd1 Nd4 34. Bg4 Rf6 35. Qe3 Ref7 36. h3 g6 37. Kh2 Kg7 38. Qg3 Rf4 39. Rxd4 exd4 40. Rxd4 Qe7 41. Qd3 Rf1 42. Rd5 Qf6 43. Qg3 Qa1 44. Qd3 Rh1+ 0-1

[Event "Sao Paulo-ch fin"]
[Site "Serra Negra"]
[Date "2002.??.??"]
[Round "?"]
[White "De Castro, Alexandre Zanini"]
[Black "Da Silva, Lindolfo Luiz"]
[Result "1-0"]
[WhiteElo "2296"]
[BlackElo "2180"]
[PlyCount "133"]
[EventDate "2002.05.30"]
[EventType "swiss"]
[EventRounds "9"]
[EventCountry "BRA"]
[SourceTitle "CBM 088 Extra"]
[Source "ChessBase"]
[SourceDate "2002.07.01"]
[SourceVersion "2"]
[SourceVersionDate "2002.07.01"]
[SourceQuality "1"]

1. e4 c5 2. Nf3 Nc6 3. Bb5 e6 4. Bxc6 bxc6 5. 0-0 d5 6. d3 Nf6 7. Nbd2 Be7 8. Re1 0-0 9. b3 Ba6 10. Bb2 Nd7 11. a4 Bf6 12. e5 Be7 13. Qe2 Rb8 14. Bc3 Nb6 15. a5 Na8 16. Ra4 Nc7 17. Rg4 Nb5 18. Bb2 Qxa5 19. Ra4 Qb6 20. Rg4 Qd8 21. Ra1 Nc7 22. Rga4 Qc8 23. c4 Qb7 24. Bc3 Qc8 25. R1a3 Ra8 26. Qd1 Bb7 27. Ba5 Na6 28. Ra2 Nb8 29. Qb1 Nd7 30. Bc3 a6 31. Nf1 Bd8 32. Re2 Bc7 33. Qe1 Qd8 34. h4 Qe7 35. Ba5 Bxa5 36. Qxa5 Rab8 37. Ra1 Qd8 38. N1d2 Qxa5 39. Rxa5 Bc8 40. Kf1 Rd8 41. Ke1 Re8 42. Kd1 f6 43. Kc2 Kf7 44. Nb1 Ke7 45. Nc3 fxe5 46. Nxe5 Nxe5 47. Rxe5 Kd6 48. f4 Rf8 49. g3 Rf5 50. Rxf5 exf5 51. Na4 Rb7 52. Nxc5 Re7 53. Kd2 d4 54. b4 Re3 55. Nb3 Rxg3 56. Nxd4 Rh3 57. Nxf5+ Bxf5 58. Rxf5 Rxh4 59. Ke3 Rh1 60. Ra5 Rb1 61. Rxa6 Rxb4 62. Ra7 Rb8 63. Rxg7 Rh8 64. d4 h5 65. f5 h4 66. Ke4 h3 67. c5# 1-0